Legal pluralism and interlegality in Ecuador: the La cocha murder case /

में बचाया:
ग्रंथसूची विवरण
मुख्य लेखक: Simon Thomas, Marc
स्वरूप: मूलपाठ
टैग: टैग जोड़ें
कोई टैग नहीं, इस रिकॉर्ड को टैग करने वाले पहले व्यक्ति बनें!

MARC

LEADER 00000 a a2200000 04500
001 42665
003
040
100 |a Simon Thomas, Marc  
245 |a Legal pluralism and interlegality in Ecuador:   |b the La cocha murder case /  |c Marc Simon Thomas  
773 |g número24 ( 2009), 103 páginas  
999 |c 24888  |d 24888